000 00433nam a2200193Ia 4500
005 20240823035530.0
008 240823s9999||||xx |||||||||||||| ||und||
020 _a978-93-5009-255-2
041 _aENGLISH
082 _A813.4 Q1
100 _aShivani Singh
245 4 _aThe Secret of Sirikot
250 _a1st
260 _c2011
_bHhachette
500 _aYES
650 _aNovel
_bEnglish
942 _cBK
999 _c200914
_d200914